<?xml version="1.0" encoding="UTF-8"?>
<record
    xmlns:xsi="http://www.w3.org/2001/XMLSchema-instance"
    xsi:schemaLocation="http://www.loc.gov/MARC21/slim http://www.loc.gov/standards/marcxml/schema/MARC21slim.xsd"
    xmlns="http://www.loc.gov/MARC21/slim">

  <leader>01251nam a22002537a 4500</leader>
  <controlfield tag="005">20220518145526.0</controlfield>
  <controlfield tag="008">220518b           ||||| |||| 00| 0 eng d</controlfield>
  <datafield tag="020" ind1=" " ind2=" ">
    <subfield code="a">0380704374</subfield>
  </datafield>
  <datafield tag="040" ind1=" " ind2=" ">
    <subfield code="c">AL</subfield>
  </datafield>
  <datafield tag="041" ind1=" " ind2=" ">
    <subfield code="a">English</subfield>
  </datafield>
  <datafield tag="082" ind1=" " ind2=" ">
    <subfield code="2">23</subfield>
    <subfield code="a">306.0973</subfield>
    <subfield code="b">NAIM</subfield>
  </datafield>
  <datafield tag="100" ind1=" " ind2=" ">
    <subfield code="a">John Naisbitt and others</subfield>
    <subfield code="9">37804</subfield>
  </datafield>
  <datafield tag="245" ind1=" " ind2=" ">
    <subfield code="a">Megatrends 2000: Ten New Directions for the 1990's</subfield>
  </datafield>
  <datafield tag="260" ind1=" " ind2=" ">
    <subfield code="a">New York </subfield>
    <subfield code="b"> Avon Books</subfield>
    <subfield code="c">1990</subfield>
  </datafield>
  <datafield tag="300" ind1=" " ind2=" ">
    <subfield code="a">xvi,416 p.</subfield>
    <subfield code="b">PB</subfield>
    <subfield code="c">17.5x10.5 cm.</subfield>
  </datafield>
  <datafield tag="520" ind1=" " ind2=" ">
    <subfield code="a">An invaluable guide to a rapidly changing world Nearly two decades have passed since thepublication of the groundbreaking national bestsellerMegatrends--and a remarkable number of itscontroversial prophecies have come to pass. Nowthe forecasters who accurately predicted the shape ofthe '80s turn their sights on the coming new century.And what they see will astound, excite, and profoundlytouch the lives of each and every one of us.</subfield>
  </datafield>
  <datafield tag="650" ind1=" " ind2=" ">
    <subfield code="a">Social indicators--United States</subfield>
    <subfield code="9">37805</subfield>
  </datafield>
  <datafield tag="650" ind1=" " ind2=" ">
    <subfield code="a">Social prediction--United States</subfield>
    <subfield code="9">37806</subfield>
  </datafield>
  <datafield tag="650" ind1=" " ind2=" ">
    <subfield code="a">United States--Social conditions--1980</subfield>
    <subfield code="9">37807</subfield>
  </datafield>
  <datafield tag="650" ind1=" " ind2=" ">
    <subfield code="a"> United States--Economic conditions--1981-2001</subfield>
    <subfield code="9">37808</subfield>
  </datafield>
  <datafield tag="700" ind1=" " ind2=" ">
    <subfield code="a">NAISBITT (John)</subfield>
    <subfield code="9">37809</subfield>
  </datafield>
  <datafield tag="700" ind1=" " ind2=" ">
    <subfield code="a">ABURDENE (Patricia)</subfield>
    <subfield code="9">37810</subfield>
  </datafield>
  <datafield tag="942" ind1=" " ind2=" ">
    <subfield code="2">ddc</subfield>
    <subfield code="c">GF</subfield>
  </datafield>
  <datafield tag="999" ind1=" " ind2=" ">
    <subfield code="c">222990</subfield>
    <subfield code="d">222990</subfield>
  </datafield>
  <datafield tag="952" ind1=" " ind2=" ">
    <subfield code="0">0</subfield>
    <subfield code="1">0</subfield>
    <subfield code="2">ddc</subfield>
    <subfield code="4">0</subfield>
    <subfield code="7">0</subfield>
    <subfield code="8">SOC</subfield>
    <subfield code="a">AL</subfield>
    <subfield code="b">AL</subfield>
    <subfield code="d">2013-03-24</subfield>
    <subfield code="l">0</subfield>
    <subfield code="o">306.0973 NAIM</subfield>
    <subfield code="p">GF02342</subfield>
    <subfield code="r">2022-05-18 00:00:00</subfield>
    <subfield code="w">2022-05-18</subfield>
    <subfield code="y">GF</subfield>
  </datafield>
</record>
